[Event "AUTO-BEG-231"]
[Site "http://www.queenalice.com/game.php?id=429567"]
[Date "2008.7.8"]
[Round "1"]
[White "ChessMonkey"]
[Black "tomas_lp_96"]
[Result "1-0"]
[WhiteElo "1453"]
[BlackElo "1260"]

1. d4 e6 2. Nf3 Bb4+ 3. Nbd2 Qf6 4. e4 Nh6 5. Be2 Ng4 6. O-O g5 7. Nxg5 Bd6 8.
Nc4 Bb4 9. Bxg4 Bd6 10. Nxd6+ cxd6 11. e5 Qg6 12. exd6 h5 13. Bf3 h4 14. Qd3 Qh6
15. Qe3 a6 16. Qf4 Ra7 17. Qxf7+ Kd8 18. Qe7# 1-0

[Event "AUTO-OPEN-1188"]
[Site "http://www.queenalice.com/game.php?id=429682"]
[Date "2008.7.8"]
[Round "1"]
[White "ChessMonkey"]
[Black "pepe41"]
[Result "1-0"]
[WhiteElo "1438"]
[BlackElo "1612"]

1. d4 Nf6 2. Nf3 g6 3. Nc3 d5 4. e3 Nc6 5. g3 Bg7 6. b3 Bg4 7. Bg2 Ne4 8. Bb2 e5
9. dxe5 Nxe5 10. Qxd5 Qxd5 11. Nxd5 Nxf3+ 12. Bxf3 Bxb2 13. Nxc7+ Kf8 14. Nxa8
1-0

[Event "AUTO-OPEN-1188"]
[Site "http://www.queenalice.com/game.php?id=429709"]
[Date "2008.7.8"]
[Round "1"]
[White "Denny"]
[Black "ChessMonkey"]
[Result "1-0"]
[WhiteElo "1229"]
[BlackElo "1468"]

1. e3 d5 2. Bb5+ Nc6 3. Qh5 Nf6 4. d3 Bd7 5. d4 e6 6. Qf3 Be7 7. Qg3 O-O 8. Bd3
g6 9. Nc3 a5 10. f4 b6 11. b3 Nb4 12. Na4 Bxa4 13. Kd2 Nxd3 14. Kxd3 Bb5+ 15.
Kd2 Qd6 16. h4 Qb4+ 17. c3 Qd6 18. Nf3 Qc6 19. a4 Bc4 20. bxc4 1-0

[Event "AUTO-OPEN-1188"]
[Site "http://www.queenalice.com/game.php?id=429710"]
[Date "2008.7.8"]
[Round "1"]
[White "ChessMonkey"]
[Black "Denny"]
[Result "0-1"]
[WhiteElo "1496"]
[BlackElo "1201"]

1. d4 e6 2. Nf3 Bb4+ 3. Nc3 Nf6 4. Bd2 Ng4 5. e4 d5 6. e5 O-O 7. Be2 Nc6 8. O-O
f6 9. exf6 gxf6 10. Nh4 Rf7 11. Bxg4 f5 12. Bh5 Qxh4 13. Bxf7+ Kxf7 14. a3 Bd6
15. g3 Qh3 16. Qe2 Bxg3 17. fxg3 Nxd4 18. Qe5 Nc6 19. Bg5 Nxe5 20. Rfe1 Ng4 0-1

[Event "AUTO-OPEN-1189"]
[Site "http://www.queenalice.com/game.php?id=430089"]
[Date "2008.7.9"]
[Round "1"]
[White "chess2009"]
[Black "ChessMonkey"]
[Result "1-0"]
[WhiteElo "1276"]
[BlackElo "1418"]

1. e4 e5 2. Qh5 Nf6 3. Qe2 Nc6 4. c3 d6 5. d3 b6 6. g3 Bb7 7. h3 g6 8. b4 d5 9.
exd5 Nxd5 10. Bg2 Qd6 11. Bb2 O-O-O 12. Bxd5 Qxd5 13. Rh2 Bh6 14. c4 Qd7 15. b5
Nd4 16. Qd1 f5 17. Na3 1-0

[Event "AUTO-OPEN-1189"]
[Site "http://www.queenalice.com/game.php?id=430090"]
[Date "2008.7.9"]
[Round "1"]
[White "ChessMonkey"]
[Black "chess2009"]
[Result "0-1"]
[WhiteElo "1396"]
[BlackElo "1298"]

1. d4 Nf6 2. Nf3 e6 3. Nc3 d6 4. e4 Nc6 5. g3 h6 6. b3 e5 7. dxe5 dxe5 8. Qxd8+
Nxd8 9. Nxe5 Bd6 10. Nf3 Bg4 11. Bg2 Bxf3 12. Bxf3 Nc6 13. O-O Nd4 14. Bd1 O-O-O
15. Be3 Nc6 16. Bf3 Be5 17. Nb5 a6 0-1

[Event "AUTO-OPEN-1189"]
[Site "http://www.queenalice.com/game.php?id=430115"]
[Date "2008.7.9"]
[Round "1"]
[White "ChessMonkey"]
[Black "bobesponja"]
[Result "0-1"]
[WhiteElo "1376"]
[BlackElo "2032"]

1. d4 Nf6 2. Nf3 g6 3. Nc3 Bg7 4. e4 d6 5. g3 O-O 6. b3 c5 7. dxc5 Qa5 8. Bb2
Nxe4 9. Qd3 Nxc3 10. Bxc3 Qxc3+ 11. Qxc3 Bxc3+ 12. Nd2 Bxa1 13. Bg2 Bc3 14. cxd6
exd6 15. h4 Nc6 16. Bxc6 bxc6 17. h5 Bg4 18. hxg6 fxg6 19. Rh4 h5 0-1

[Event "AUTO-OPEN-1189"]
[Site "http://www.queenalice.com/game.php?id=430116"]
[Date "2008.7.9"]
[Round "1"]
[White "bobesponja"]
[Black "ChessMonkey"]
[Result "1-0"]
[WhiteElo "1913"]
[BlackElo "1440"]

1. e4 e5 2. Nf3 Nc6 3. Bc4 f6 4. d4 d6 5. O-O Nge7 6. d5 Nb4 7. Be3 g5 8. Nc3
Bh6 9. a3 Na6 10. Nxe5 dxe5 11. Qh5+ Ng6 12. Qxh6 Nf4 13. g3 Ne2+ 14. Bxe2 c6
15. Qg7 Bh3 16. Bh5# 1-0

[Event "AUTO-OPEN-1189"]
[Site "http://www.queenalice.com/game.php?id=430117"]
[Date "2008.7.9"]
[Round "1"]
[White "ChessMonkey"]
[Black "yannigator"]
[Result "1-0"]
[WhiteElo "1432"]
[BlackElo "1462"]

1. d4 d5 2. Nf3 Nf6 3. Nc3 e6 4. e3 c5 5. b3 cxd4 6. exd4 Bb4 7. Bb2 O-O 8. Qd2
Qa5 9. Bd3 Re8 10. O-O-O Bxc3 11. Bxc3 Qxa2 12. Ne5 a5 13. h4 Nc6 14. Rdf1 Nb4
15. h5 Nxd3+ 16. Kd1 Nxe5 17. h6 g6 18. dxe5 Ne4 19. Qd3 Nxc3+ 20. Qxc3 Bd7 21.
Qf3 Bb5 22. Qf6 Qa1+ 23. Kd2 Qd4+ 24. Ke1 Qc3+ 25. Kd1 Qa1+ 26. Kd2 Qd4+ 27. Ke1
1-0

[Event "AUTO-OPEN-1189"]
[Site "http://www.queenalice.com/game.php?id=430118"]
[Date "2008.7.9"]
[Round "1"]
[White "yannigator"]
[Black "ChessMonkey"]
[Result "0-1"]
[WhiteElo "1445"]
[BlackElo "1449"]

1. e4 Nc6 2. d4 d5 3. e5 e6 4. f4 Nge7 5. Nf3 f5 6. Bb5 a6 7. Be2 Bd7 8. O-O g6
9. c4 dxc4 10. Bxc4 b5 11. Be2 Bg7 12. Nc3 O-O 13. Be3 Nd5 14. Nxd5 exd5 15. Rc1
Nb4 16. a3 Na2 17. Rc2 Re8 18. b4 Nxb4 19. axb4 c6 20. Ng5 h6 21. Nf3 g5 22. Qe1
gxf4 23. Bxf4 Bf8 24. Qg3+ Bg7 25. Bxh6 Qe7 0-1

[Event "Invitation"]
[Site "http://www.queenalice.com/game.php?id=430241"]
[Date "2008.7.9"]
[Round "-"]
[White "ChessMonkey"]
[Black "chesscole"]
[Result "0-1"]
[WhiteElo "1487"]
[BlackElo "1591"]

1. d4 d5 2. Nf3 Bg4 3. e3 Nc6 4. Nc3 Nf6 5. Be2 Ne4 6. Nxe4 dxe4 7. Ne5 Nxe5 8.
dxe5 Qxd1+ 9. Bxd1 Bxd1 10. Kxd1 O-O-O+ 11. Ke2 f6 12. exf6 exf6 13. b3 Bb4 14.
Rd1 Rxd1 15. Kxd1 Rd8+ 16. Ke2 Bc3 17. Ba3 Bxa1 18. Be7 Rd7 19. Bb4 Be5 20. f4
Bd6 21. Bxd6 Rxd6 22. g3 g5 23. fxg5 fxg5 24. g4 c5 25. h3 b5 26. c4 bxc4 27.
bxc4 Rh6 28. a4 Rxh3 29. a5 Rg3 30. Kd2 Rxg4 31. Kc3 h5 32. a6 h4 33. Kd2 h3 34.
Ke1 Rg2 35. Kf1 g4 36. Ke1 h2 37. Kf1 h1=Q# 0-1

[Event "AUTO-BEG-232"]
[Site "http://www.queenalice.com/game.php?id=431058"]
[Date "2008.7.10"]
[Round "1"]
[White "felipecpv94"]
[Black "ChessMonkey"]
[Result "0-1"]
[WhiteElo "1361"]
[BlackElo "1374"]

1. e4 e5 2. Nf3 Nc6 3. a3 d6 4. Nc3 Nf6 5. d3 b6 6. Bg5 Be7 7. Nd5 Nxd5 8. exd5
Nd4 9. Bxe7 Qxe7 10. Nxd4 exd4+ 11. Qe2 Qxe2+ 12. Bxe2 O-O 13. O-O Bb7 14. Bf3
Rfe8 15. Rae1 Rxe1 16. Rxe1 Rc8 17. b4 c6 18. Re7 Rb8 19. dxc6 Ba6 20. c7 Rc8
21. Bg4 g6 0-1

[Event "AUTO-BEG-232"]
[Site "http://www.queenalice.com/game.php?id=431059"]
[Date "2008.7.10"]
[Round "1"]
[White "ChessMonkey"]
[Black "felipecpv94"]
[Result "1-0"]
[WhiteElo "1389"]
[BlackElo "1346"]

1. d4 d5 2. Nf3 Nc6 3. Nc3 e6 4. e3 Nf6 5. g3 Bb4 6. Bd2 h6 7. Bg2 Ne4 8. Nxe4
dxe4 9. Ne5 Bxd2+ 10. Qxd2 Nxe5 11. dxe5 Qxd2+ 12. Kxd2 O-O 13. Rad1 b6 14. Bxe4
Rb8 15. Kc1 Bb7 16. Bxb7 Rxb7 17. f4 g6 18. h4 h5 19. b4 a6 20. Rd7 b5 21. c3
1-0

[Event "AUTO-BEG-232"]
[Site "http://www.queenalice.com/game.php?id=431076"]
[Date "2008.7.10"]
[Round "1"]
[White "ChessMonkey"]
[Black "brrapha"]
[Result "0-1"]
[WhiteElo "1420"]
[BlackElo "1457"]

1. d4 d5 2. Nf3 Nf6 3. Nc3 c6 4. e3 Qa5 5. Bd2 e6 6. Be2 Qc7 7. O-O h5 8. b3
Nbd7 9. Bc1 Ng4 10. h3 Ngf6 11. Bb2 g5 12. Nxg5 Bh6 13. Nf3 b5 14. g3 b4 15. Na4
Bxe3 16. fxe3 Qxg3+ 17. Kh1 Qxh3+ 18. Nh2 Ne4 0-1

[Event "AUTO-BEG-232"]
[Site "http://www.queenalice.com/game.php?id=431077"]
[Date "2008.7.10"]
[Round "1"]
[White "brrapha"]
[Black "ChessMonkey"]
[Result "1-0"]
[WhiteElo "1441"]
[BlackElo "1436"]

1. d4 d5 2. Nc3 Nf6 3. Nf3 Nc6 4. e3 e6 5. Bb5 Bd7 6. a4 a6 7. Bd3 Be7 8. e4
dxe4 9. Nxe4 Nxe4 10. Bxe4 O-O 11. d5 exd5 12. Bxd5 Bb4+ 13. c3 Re8+ 14. Be3 Bc5
15. O-O Bxe3 16. fxe3 Rxe3 17. Ng5 Qxg5 18. Bxf7+ Kh8 19. Qxd7 1-0

[Event "AUTO-BEG-232"]
[Site "http://www.queenalice.com/game.php?id=431078"]
[Date "2008.7.10"]
[Round "1"]
[White "ChessMonkey"]
[Black "tomas_lp_96"]
[Result "1-0"]
[WhiteElo "1461"]
[BlackElo "1311"]

1. d4 Nf6 2. Nf3 d5 3. Nc3 Nc6 4. e3 e6 5. Be2 h6 6. Bd2 Ne4 7. Nxe4 Nb4 8. O-O
Qe7 9. Nc3 e5 10. dxe5 c6 11. a3 Na6 12. b4 f6 13. exf6 gxf6 14. Bxa6 bxa6 15.
Nh4 Rg8 16. Qh5+ Kd8 17. Nf5 Qe5 18. f4 Qe6 19. g4 Rh8 20. h3 c5 21. bxc5 Qc6
22. Nd6 Bxd6 23. cxd6 Qxd6 24. Rfd1 d4 25. Ne4 Re8 26. Ba5+ Kd7 27. Nxd6 1-0

[Event "AUTO-BEG-232"]
[Site "http://www.queenalice.com/game.php?id=431079"]
[Date "2008.7.10"]
[Round "1"]
[White "tomas_lp_96"]
[Black "ChessMonkey"]
[Result "0-1"]
[WhiteElo "1390"]
[BlackElo "1417"]

1. e3 d5 2. Bb5+ Nc6 3. c4 e6 4. cxd5 exd5 5. a4 Bd7 6. Be2 Nf6 7. Ra3 Bxa3 8.
bxa3 O-O 9. Bd3 Na5 10. Nc3 Re8 11. Bb1 Qe7 12. Qc2 Nc4 13. d3 Nxa3 14. Bxa3
Qxa3 15. d4 Re6 16. Nge2 Rb6 17. Nb5 Bxb5 18. axb5 Rxb5 19. Qxc7 Rxb1+ 20. Kd2
Rb2+ 21. Ke1 Rb1+ 22. Kd2 Ne4+ 23. Kc2 Rb2+ 24. Kc1 Qa1# 0-1